000 00256nam a2200109Ia 4500
008 230907s9999||||xx |||||||||||||| ||und||
082 _a621.45,,HAU
100 _aHau, E.
_9115290
245 0 _aWind turbines :
300 _axviii, 879 pages :
942 _cBK
999 _c598016
_d598016